Acta horticulturae et regiotecturae The Scientific Journal for Horticulture, Landscape Engineering and Architecture: vedecký časopis pre záhradníctvo, krajinné inžinierstvo a záhradnú architektúru
Na minha lista:
| Formato: | Periódico |
|---|---|
| Idioma: | eslovaco |
| Publicado em: |
Nitra
Vydavateľstvo SPU
2021
|
| Assuntos: | |
| Tags: |
Sem tags, seja o primeiro a adicionar uma tag!
|
MARC
| LEADER | 00000nas2a2200000 4500 | ||
|---|---|---|---|
| 001 | 0303685 | ||
| 005 | 20240820113234.7 | ||
| 022 | |a 1335-2563 | ||
| 041 | 0 | |a slo | |
| 044 | |a SK | ||
| 245 | 1 | 0 | |a Acta horticulturae et regiotecturae |b The Scientific Journal for Horticulture, Landscape Engineering and Architecture: vedecký časopis pre záhradníctvo, krajinné inžinierstvo a záhradnú architektúru |
| 264 | 1 | |a Nitra |b Vydavateľstvo SPU |c 2021 | |
| 773 | 0 | |w eu_un_cat*0006870 | |
| 610 | 2 | 0 | |a ekológia |
| 610 | 2 | 0 | |a architektúra |
| 610 | 2 | 0 | |a usporiadanie krajiny |
| 610 | 2 | 0 | |a záhradníctvo |